Movies Quiz

Random Movies Quiz
Score 0/24 Timer 15:00
0 Plays Today
Plot Movie % Correct
In the aftermath of Jigsaw's death, the games continue and a SWAT team member tried desperately to save an old friend while the FBI investigatesSaw 4
96.9%
This remake centers on a psychopathic murderer who escapes from an asylum and hunts down his sister in his hometownHalloween
93.8%
Michael Myers returns a year after disappearing to reignite his path of mayhem and kill his sisterHalloween 2
93.8%
Three backpackers travel to a hostel full of sex and drugs, but discover a place where rich businessmen can pay to torture and kill touristsHostel
93.8%
Jigsaw plays head games with a detective while 8 people try to escape their trapSaw 2
93.8%
A dying Jigsaw sets off a final game involving a greiving father, a depressed doctor, and forgivenessSaw 3
93.8%
Partiers on spring break are terrorized by recently released prehistoric piranhaPiranha 3-D
93.8%
Two men are ensnared in a trap and must play the sick game of a twisted, self-righteous madmanSaw
90.6%
In this remake, a family of vacationers are stranded in the New Mexico desert by a family of mutant cannibalsThe Hills Have Eyes
90.6%
Five friends in a cabin fall victim to a flesh-eating virusCabin Fever
87.5%
Six women get trapped while spelunking and must battle horrible creatures to escapeThe Descent
81.3%
The sequel finds the family of killers from the first on the run and being hunted by a vengeful sheriffThe Devil's Rejects
78.1%
Plot Movie % Correct
Soldiers in the Scottish highlands battle vicious werewolvesDog Soldiers
78.1%
A security guard finds an alternate world full of evil reflections of everyone who can make the real person harm themselvesMirrors
75%
Four friends on a cross-country trip writing a book fall prey to a family of psychopaths and sadistsHouse of 1,000 Corpses
68.8%
Three tourists in the Australian outback are captured by a sadistic hunterWolf Creek
68.8%
A widower goes to his hometown to unravel the mystery involving murders comitted by the ghost of an old ventriloquist womanDead Silence
62.5%
A tough military woman goes into walled-off, disease-plagued Scotland to get the cure for an illnessDoomsday
62.5%
Two college students staying with one's family in the French countryside are stalked by a monstrous truckerHigh Tension
62.5%
A twisted musical/rock opera about a future where a company can come and forcibly repossess your organsRepo! The Genetic Opera
59.4%
Three American girls become the next fodder for the Elite Hunting organizationHostel: Part 2
56.3%
An executive seeks revenge for his murdered son and gets caught in a whirlpool of violence and paybackDeath Sentence
50%
A boat of sight-seers are attacked by a huge, deadly crocodileRogue
34.4%
This crazy animated direct-to-video film is about a wahsed-up luchador and a robotThe Haunted World of El Superbeasto
25%
Remove Ads.
Support Sporcle.
Get the best of Sporcle when you Go Orange. This ad-free experience offers more features, more stats, and more fun while also helping to support Sporcle. Thank you for becoming a member.

You're not logged in!

Compare scores with friends on all Sporcle quizzes.
OR
Log In

Show Comments

Extras

Created Oct 18, 2010ReportNominate
Tags:pack, plot

Top Quizzes Today


Score Distribution

Your Account Isn't Verified!

In order to create a playlist on Sporcle, you need to verify the email address you used during registration. Go to your Sporcle Settings to finish the process.

Report this User

Report this user for behavior that violates our Community Guidelines.

Details: